[Event "Three Checks: XXXIV Monthly Variant (Three Checks)"]
[Site "SchemingMind.com"]
[Date "2010.01.14"]
[Round "-"]
[White "surkimus"]
[Black "Mekk"]
[Result "1-0"]
[WhiteCountry "FIN"]
[BlackCountry "POL"]
[WhiteElo "1683"]
[WhiteRD "77"]
[BlackElo "1353"]
[BlackRD "130"]
[GameID "234864"]

1. Nc3 c6 2. e3 Nf6 3. Qf3 Na6 4. Bc4 e6 5. e4 Nb4 6. Kd1 b5 7. Bb3 a5 8. a3 Na6 9. e5 b4 10. Bxe6 fxe6
11. exf6 Qxf6 12. Qh5+ g6 13. Ne4 gxh5 14. Nxf6+ Kd8 15. d3 Be7 16. Bf4 d6 17. Ne4 Rf8 18. Nxd6 Bxd6 19. Bxd6 Ke8 20. Bxf8 Kxf8
21. Nf3 b3 22. c3 c5 23. Ne5 Kg7 24. Re1 Bb7 25. Re3 Rf8 26. Rg3+
1-0

[Event "Three Checks: XXXIV Monthly Variant (Three Checks)"]
[Site "SchemingMind.com"]
[Date "2010.01.14"]
[Round "-"]
[White "Mekk"]
[Black "surkimus"]
[Result "1-0"]
[WhiteCountry "POL"]
[BlackCountry "FIN"]
[WhiteElo "1353"]
[WhiteRD "130"]
[BlackElo "1683"]
[BlackRD "77"]
[GameID "234865"]

1. c4 e5 2. Nc3 c6 3. Ne4 f5 4. Nd6+ Bxd6 5. e3 g6 6. h4 h5 7. Nf3 Bb4 8. Ke2 d5 9. Nxe5 d4 10. d3 f4
11. f3 dxe3 12. Nxg6 Qf6 13. Nxh8 Bg4 14. Qb3 Bc5 15. Qxb7 Bf5 16. Qf7+ Qxf7 17. Nxf7 Kxf7 18. a3 Na6 19. b4 Bxd3+ 20. Ke1 Bxb4+
21. axb4 Bxf1 22. Rxa6 Ne7 23. Ra5 Ke8 24. Re5
1-0

[Event "Three Checks: XXXIV Monthly Variant (Three Checks)"]
[Site "SchemingMind.com"]
[Date "2010.01.14"]
[Round "-"]
[White "BigB"]
[Black "Mekk"]
[Result "1-0"]
[WhiteCountry "SVK"]
[BlackCountry "POL"]
[WhiteElo "1628"]
[WhiteRD "133"]
[BlackElo "1373"]
[BlackRD "184"]
[GameID "234867"]

1. Nc3 c6 2. Nf3 d5 3. e4 Bg4 4. exd5 Nf6 5. Bc4 g6 6. Qe2 Bg7 7. dxc6 Nxc6 8. Bxf7+ Kf8 9. Ng5 Bxe2 10. Ne6+ Kxf7
11. Nxd8+
1-0

[Event "Three Checks: XXXIV Monthly Variant (Three Checks)"]
[Site "SchemingMind.com"]
[Date "2010.01.13"]
[Round "-"]
[White "BigB"]
[Black "surkimus"]
[Result "1-0"]
[WhiteCountry "SVK"]
[BlackCountry "FIN"]
[WhiteElo "1628"]
[WhiteRD "133"]
[BlackElo "1694"]
[BlackRD "88"]
[GameID "234868"]

1. Nc3 c6 2. Ne4 e5 3. Nd6+ Bxd6 4. e3 Qf6 5. Bc4 Kd8 6. c3 e4 7. Qg4 Nh6 8. Qxe4 Qxf2+ 9. Kxf2 Bg3+ 10. Kf1 d5
11. Qxd5+ cxd5 12. hxg3 Ng4 13. Ke1 Re8 14. Be2 Ne5 15. Kd1 Bf5 16. e4 Bxe4 17. d3 Bxd3 18. Bg5+
1-0

[Event "Three Checks: XXXIV Monthly Variant (Three Checks)"]
[Site "SchemingMind.com"]
[Date "2010.01.14"]
[Round "-"]
[White "Mekk"]
[Black "BigB"]
[Result "0-1"]
[WhiteCountry "POL"]
[BlackCountry "SVK"]
[WhiteElo "1353"]
[WhiteRD "130"]
[BlackElo "1735"]
[BlackRD "124"]
[GameID "234869"]

1. e3 e6 2. Nf3 Nc6 3. Bb5 a6 4. Bxc6 bxc6 5. Nc3 d6 6. Ne4 Be7 7. Nxd6+ cxd6 8. b3 Bf6 9. Rb1 Ne7 10. Qe2 a5
11. Bb2 Ba6 12. c4 Bxb2 13. Rxb2 Ng6 14. h4 Ne5 15. Nxe5 dxe5 16. Qg4 Qf6 17. Qe4 O-O 18. Rh3 Qg6 19. Qxc6 Rac8 20. Qxa6 Qxg2
21. Rg3 Qh1+ 22. Ke2 Rcd8 23. Rxg7+ Kxg7 24. Qa7 Rxd2+ 25. Rxd2 Qf3+
0-1

[Event "Three Checks: XXXIV Monthly Variant (Three Checks)"]
[Site "SchemingMind.com"]
[Date "2010.01.13"]
[Round "-"]
[White "Ursus"]
[Black "Mekk"]
[Result "0-1"]
[WhiteCountry "INT"]
[BlackCountry "POL"]
[WhiteElo "1500"]
[WhiteRD "141"]
[BlackElo "1373"]
[BlackRD "184"]
[GameID "234874"]

1. e4 c5 2. Bb5 Nc6 3. Nc3 e6 4. e5 Nxe5 5. Bxd7+ Bxd7 6. Ne4 Nd3+ 7. cxd3 Qh4 8. Nf6+ Nxf6 9. g3 Qd4 10. Qf3 Qe5+
11. Qe3 Qxe3+
0-1

[Event "Three Checks: XXXIV Monthly Variant (Three Checks)"]
[Site "SchemingMind.com"]
[Date "2010.01.13"]
[Round "-"]
[White "Ursus"]
[Black "BigB"]
[Result "1-0"]
[WhiteCountry "INT"]
[BlackCountry "SVK"]
[WhiteElo "1500"]
[WhiteRD "141"]
[BlackElo "1628"]
[BlackRD "133"]
[GameID "234875"]

1. e4 Nc6 2. Bc4 e6 3. Nf3 Bc5 4. Kf1 h5 5. Nc3 h4 6. h3 Nf6 7. d4 Bb4 8. Nb5 Nxe4 9. Nxc7+ Qxc7 10. Kg1 Nxf2
11. Qe2 Nxh3+ 12. Rxh3 Nxd4 13. Nxd4 Bc5 14. Be3 Rh6 15. Rf1 Rg6 16. Kh1 Rg3 17. Rxg3 Qxg3 18. Bf4 Qg6 19. Nb5 Kf8 20. Bd6+ Kg8
21. Qf3 Qxg2+ 22. Qxg2
1-0

[Event "Three Checks: XXXIV Monthly Variant (Three Checks)"]
[Site "SchemingMind.com"]
[Date "2010.01.13"]
[Round "-"]
[White "Mekk"]
[Black "Ursus"]
[Result "0-1"]
[WhiteCountry "POL"]
[BlackCountry "INT"]
[WhiteElo "1353"]
[WhiteRD "130"]
[BlackElo "1584"]
[BlackRD "127"]
[GameID "234877"]

1. c4 e6 2. Nc3 Bc5 3. e3 Nf6 4. Nf3 a6 5. Qa4 Nc6 6. a3 O-O 7. b4 Be7 8. Bd3 Kh8 9. Ng5 Ne5 10. Nxf7+ Rxf7
11. Ke2 Nfg4 12. f3 Nxd3 13. fxg4 Nxc1+ 14. Raxc1 Rf2+ 15. Kxf2 Qf8+
0-1

[Event "Three Checks: XXXIV Monthly Variant (Three Checks)"]
[Site "SchemingMind.com"]
[Date "2010.01.13"]
[Round "-"]
[White "BigB"]
[Black "Ursus"]
[Result "1-0"]
[WhiteCountry "SVK"]
[BlackCountry "INT"]
[WhiteElo "1628"]
[WhiteRD "133"]
[BlackElo "1500"]
[BlackRD "141"]
[GameID "234878"]

1. Nc3 c6 2. Ne4 e5 3. Nd6+ Bxd6 4. e3 Nf6 5. Bc4 Kf8 6. Nf3 b5 7. Bb3 Qe7 8. Ng5 Bb4 9. c3 Bc5 10. Bxf7 d5
11. Qf3 g6 12. Ne6+ Bxe6 13. Bxe6
1-0

[Event "Three Checks: XXXIV Monthly Variant (Three Checks)"]
[Site "SchemingMind.com"]
[Date "2010.01.13"]
[Round "-"]
[White "surkimus"]
[Black "Ursus"]
[Result "1-0"]
[WhiteCountry "FIN"]
[BlackCountry "INT"]
[WhiteElo "1694"]
[WhiteRD "88"]
[BlackElo "1500"]
[BlackRD "141"]
[GameID "234879"]

1. Nc3 Nf6 2. e4 e5 3. Bc4 d5 4. Bb5+ c6 5. Bxc6+ bxc6 6. exd5 Bb4 7. Qe2 Qe7 8. dxc6 O-O 9. Nf3 e4 10. O-O exf3
11. Qxf3 Bg4 12. Nd5 Nxd5 13. Qxg4 g6 14. Qd4 Nf6 15. Qh4 Nh5 16. Qg4 Ng7 17. d4 Nxc6 18. Qf3 Nf5 19. Qxc6 Bd6 20. Qc4 Bxh2+
21. Kh1 Kh8 22. Qd5 Qf6 23. Qf3 Qh4 24. Qh3 Ng3+ 25. fxg3 Qxh3 26. gxh3 Rfe8 27. Bh6 Kg8 28. Rae1 Rf8 29. Rf6 Bxg3 30. Rxg6+
1-0

[Event "Three Checks: XXXIV Monthly Variant (Three Checks)"]
[Site "SchemingMind.com"]
[Date "2010.01.14"]
[Round "-"]
[White "Ingemar Assarsjö"]
[Black "Mekk"]
[Result "0-1"]
[WhiteCountry "SWE"]
[BlackCountry "POL"]
[WhiteElo "1365"]
[WhiteRD "123"]
[BlackElo "1373"]
[BlackRD "184"]
[GameID "234886"]

1. e4 e6 2. Nc3 Nf6 3. e5 Nd5 4. Nb5 Nf4 5. Nxc7+ Qxc7 6. g3 Nd3+ 7. Bxd3 Bc5 8. Kf1 Qxe5 9. Nh3 Nc6 10. c3 Qd5
0-1

[Event "Three Checks: XXXIV Monthly Variant (Three Checks)"]
[Site "SchemingMind.com"]
[Date "2010.01.13"]
[Round "-"]
[White "Ingemar Assarsjö"]
[Black "BigB"]
[Result "0-1"]
[WhiteCountry "SWE"]
[BlackCountry "SVK"]
[WhiteElo "1365"]
[WhiteRD "123"]
[BlackElo "1628"]
[BlackRD "133"]
[GameID "234887"]

1. Nf3 e6 2. Nc3 d5 3. Nb5 c6 4. Nc7+ Qxc7 5. c3 Nf6 6. d3 Ng4 7. h3 Nxf2 8. Kxf2 Qg3+ 9. Kxg3 Bd6+ 10. Bf4 Bxf4+
0-1

[Event "Three Checks: XXXIV Monthly Variant (Three Checks)"]
[Site "SchemingMind.com"]
[Date "2010.01.13"]
[Round "-"]
[White "Ingemar Assarsjö"]
[Black "surkimus"]
[Result "1-0"]
[WhiteCountry "SWE"]
[BlackCountry "FIN"]
[WhiteElo "1365"]
[WhiteRD "123"]
[BlackElo "1694"]
[BlackRD "88"]
[GameID "234888"]

1. e4 Nc6 2. c3 e5 3. Bc4 Qf6 4. Bxf7+ Qxf7 5. Nf3 Bc5 6. d4 exd4 7. O-O dxc3 8. Kh1 Nh6 9. Bxh6 gxh6 10. Nxc3 Qg6
11. g3 d6 12. Nd5 Kd8 13. Nf4 Ke8 14. Nxg6 hxg6 15. b4 Bxb4 16. Nd4 Ne5 17. Nb5 Kf8 18. Nxc7 Bh3 19. Qxd6+ Bxd6 20. Ne6+
1-0

[Event "Three Checks: XXXIV Monthly Variant (Three Checks)"]
[Site "SchemingMind.com"]
[Date "2010.01.13"]
[Round "-"]
[White "Ursus"]
[Black "Ingemar Assarsjö"]
[Result "0-1"]
[WhiteCountry "INT"]
[BlackCountry "SWE"]
[WhiteElo "1500"]
[WhiteRD "141"]
[BlackElo "1365"]
[BlackRD "123"]
[GameID "234889"]

1. e4 Nc6 2. Bc4 e6 3. Nf3 Nb4 4. Nc3 Nxc2+ 5. Qxc2 Bc5 6. d4 Bb4 7. O-O Nf6 8. Bg5 h6 9. Bh4 g5 10. Bg3 Bd6
11. Bxd6 cxd6 12. Nb5 Kf8 13. Nxd6 Nh5 14. g3 f6 15. Qa4 Qb6 16. Qa3 Nf4 17. Nf7+ d6 18. Nxd6 Nh3+ 19. Kg2 Nf4+
0-1

[Event "Three Checks: XXXIV Monthly Variant (Three Checks)"]
[Site "SchemingMind.com"]
[Date "2010.01.13"]
[Round "-"]
[White "BigB"]
[Black "Ingemar Assarsjö"]
[Result "1-0"]
[WhiteCountry "SVK"]
[BlackCountry "SWE"]
[WhiteElo "1628"]
[WhiteRD "133"]
[BlackElo "1365"]
[BlackRD "123"]
[GameID "234891"]

1. Nc3 d5 2. e4 c6 3. exd5 Qb6 4. d4 Bf5 5. d6 Nd7 6. dxe7 Bxe7 7. Bc4 O-O-O 8. Qf3 Bh4 9. Kf1 Bd3+ 10. Bxd3 Ngf6
11. Na4 Qa5 12. Qxc6+ bxc6 13. Nb6+
1-0

[Event "Three Checks: XXXIV Monthly Variant (Three Checks)"]
[Site "SchemingMind.com"]
[Date "2010.01.15"]
[Round "-"]
[White "thefriediceman"]
[Black "Mekk"]
[Result "1-0"]
[WhiteCountry "USA"]
[BlackCountry "POL"]
[WhiteElo "1924"]
[WhiteRD "103"]
[BlackElo "1373"]
[BlackRD "184"]
[GameID "234898"]

1. e3 Nc6 2. Nc3 Ne5 3. Ne4 Nd3+ 4. Bxd3 e6 5. Nd6+ Bxd6 6. Qf3 Nf6 7. Nh3 a5 8. Ng5 c6 9. Nxf7 Qb6 10. Nxd6+ Ke7
11. Nxc8+
1-0

[Event "Three Checks: XXXIV Monthly Variant (Three Checks)"]
[Site "SchemingMind.com"]
[Date "2010.01.17"]
[Round "-"]
[White "thefriediceman"]
[Black "BigB"]
[Result "1-0"]
[WhiteCountry "USA"]
[BlackCountry "SVK"]
[WhiteElo "1924"]
[WhiteRD "103"]
[BlackElo "1628"]
[BlackRD "133"]
[GameID "234899"]

1. e3 e6 2. Nc3 Nf6 3. Nb5 c6 4. Nc7+ Qxc7 5. b3 Bd6 6. Bb2 Be5 7. Bxe5 Qxe5 8. Nf3 Qh5 9. Be2 Na6 10. Bxa6 bxa6
11. h3 c5 12. Rh2 Bb7 13. Qe2 Bxf3 14. Qxf3 Qxf3 15. gxf3 Rb8 16. Rg2 g6 17. c3 Ke7 18. e4 d6 19. d3 a5 20. c4 a4
21. f4 a5 22. e5 dxe5 23. fxe5 axb3 24. exf6+ Kxf6 25. Rxg6+
1-0

[Event "Three Checks: XXXIV Monthly Variant (Three Checks)"]
[Site "SchemingMind.com"]
[Date "2010.01.15"]
[Round "-"]
[White "thefriediceman"]
[Black "surkimus"]
[Result "1-0"]
[WhiteCountry "USA"]
[BlackCountry "FIN"]
[WhiteElo "1924"]
[WhiteRD "103"]
[BlackElo "1694"]
[BlackRD "88"]
[GameID "234900"]

1. e3 e5 2. Bc4 Qf6 3. Bxf7+ Qxf7 4. Qf3 Nf6 5. Nc3 c6 6. Ne4 Nxe4 7. Qxf7+ Kxf7 8. Nf3 Ke8 9. Nxe5 d6 10. Nc4 Kd8
11. b3 a5 12. Bb2 Be7 13. Bd4 c5 14. Bc3 b6 15. Nxb6 Nxf2 16. g3 Ra6 17. Nd5 Nc6 18. Bxa5+
1-0

[Event "Three Checks: XXXIV Monthly Variant (Three Checks)"]
[Site "SchemingMind.com"]
[Date "2010.01.13"]
[Round "-"]
[White "Ingemar Assarsjö"]
[Black "thefriediceman"]
[Result "0-1"]
[WhiteCountry "SWE"]
[BlackCountry "USA"]
[WhiteElo "1365"]
[WhiteRD "123"]
[BlackElo "1924"]
[BlackRD "103"]
[GameID "234901"]

1. Nc3 e6 2. Nb5 Bc5 3. Nxc7+ Qxc7 4. e3 Nf6 5. Bb5 Nc6 6. Nf3 a6 7. Bxc6 bxc6 8. O-O Rb8 9. d4 Bd6 10. g3 h5
11. c4 h4 12. Ne5 g6 13. g4 Nxg4 14. Qxg4 Bxe5 15. dxe5 Qxe5 16. f4 Qf5 17. Qg2 Bb7 18. b3 c5 19. Qe2 Rh5 20. Kf2 h3
21. Ke1 Qf6 22. Kd2 Qxa1 23. Qd3 Qxa2+ 24. Kd1 Bf3+ 25. Rxf3 Qxb3+
0-1

[Event "Three Checks: XXXIV Monthly Variant (Three Checks)"]
[Site "SchemingMind.com"]
[Date "2010.01.13"]
[Round "-"]
[White "Ursus"]
[Black "thefriediceman"]
[Result "0-1"]
[WhiteCountry "INT"]
[BlackCountry "USA"]
[WhiteElo "1584"]
[WhiteRD "127"]
[BlackElo "1920"]
[BlackRD "100"]
[GameID "234902"]

1. e3 e6 2. Nc3 Bb4 3. a3 Bxc3 4. dxc3 Nc6 5. Bb5 a6 6. Bxc6 bxc6 7. Nf3 Qf6 8. e4 Qg6 9. Qd3 Nf6 10. Be3 Qxg2
11. Ke2 Ng4 12. Rhg1 Qxf3+ 13. Kxf3 Ne5+ 14. Ke2 Nxd3 15. cxd3 Rb8 16. b4 Rb5 17. Rxg7 d5 18. Rag1 dxe4 19. Rg8+ Kd7 20. Rxh8 exd3+
0-1

[Event "Three Checks: XXXIV Monthly Variant (Three Checks)"]
[Site "SchemingMind.com"]
[Date "2010.01.15"]
[Round "-"]
[White "Mekk"]
[Black "thefriediceman"]
[Result "0-1"]
[WhiteCountry "POL"]
[BlackCountry "USA"]
[WhiteElo "1373"]
[WhiteRD "184"]
[BlackElo "1924"]
[BlackRD "103"]
[GameID "234903"]

1. e3 e6 2. Bb5 c6 3. Ba4 Na6 4. Nc3 Nb4 5. Ne4 Nxc2+ 6. Qxc2 Nh6 7. a3 Nf5 8. Nd6+ Bxd6 9. Nf3 Nxe3 10. fxe3 Qh4+
11. Nxh4 Bg3+
0-1

[Event "Three Checks: XXXIV Monthly Variant (Three Checks)"]
[Site "SchemingMind.com"]
[Date "2010.01.16"]
[Round "-"]
[White "BigB"]
[Black "thefriediceman"]
[Result "0-1"]
[WhiteCountry "SVK"]
[BlackCountry "USA"]
[WhiteElo "1628"]
[WhiteRD "133"]
[BlackElo "1924"]
[BlackRD "103"]
[GameID "234904"]

1. Nc3 e6 2. Nb5 Nc6 3. Nxc7+ Qxc7 4. e3 Nb4 5. c3 Nc2+ 6. Qxc2 a6 7. Nf3 Nf6 8. Bd3 Bd6 9. a4 Ng4 10. Bxh7 Nxf2
11. Bg6 Nd3+ 12. Kf1 Qc4 13. Bxf7+ Kd8
0-1

[Event "Three Checks: XXXIV Monthly Variant (Three Checks)"]
[Site "SchemingMind.com"]
[Date "2010.01.15"]
[Round "-"]
[White "surkimus"]
[Black "thefriediceman"]
[Result "0-1"]
[WhiteCountry "FIN"]
[BlackCountry "USA"]
[WhiteElo "1694"]
[WhiteRD "88"]
[BlackElo "1924"]
[BlackRD "103"]
[GameID "234905"]

1. Nc3 e6 2. e3 Bb4 3. d4 Bxc3+ 4. bxc3 Nf6 5. Ba3 Nd5 6. c4 Nxe3 7. Nf3 Nxg2+ 8. Bxg2 Qf6 9. Qe2 Qf4 10. Rd1 Qd2+
0-1

[Event "Three Checks: XXXIV Monthly Variant (Three Checks)"]
[Site "SchemingMind.com"]
[Date "2010.01.14"]
[Round "-"]
[White "TheTrainer"]
[Black "Ingemar Assarsjö"]
[Result "0-1"]
[WhiteCountry "USA"]
[BlackCountry "SWE"]
[WhiteElo "1193"]
[WhiteRD "87"]
[BlackElo "1350"]
[BlackRD "113"]
[GameID "234961"]

1. e3 Nc6 2. c3 Ne5 3. Bb5 c6 4. Qb3 cxb5 5. Qxf7+ Kxf7 6. Kf1 Ng4 7. Ke2 d5 8. Nf3 Ke8 9. h3 N4f6 10. d4 Ne4
11. Ke1 e6 12. Na3 a6 13. Bd2 Ngf6 14. Ne5 Bd6 15. f3 Nxd2 16. Kxd2 Ne4+ 17. fxe4 Bxe5 18. dxe5 dxe4+ 19. Ke2 Qd3+
0-1

[Event "Three Checks: XXXIV Monthly Variant (Three Checks)"]
[Site "SchemingMind.com"]
[Date "2010.01.15"]
[Round "-"]
[White "TheTrainer"]
[Black "Ursus"]
[Result "0-1"]
[WhiteCountry "USA"]
[BlackCountry "INT"]
[WhiteElo "1104"]
[WhiteRD "106"]
[BlackElo "1500"]
[BlackRD "141"]
[GameID "234962"]

1. e4 e6 2. Nc3 Bc5 3. d4 Bb4 4. Bd2 Nc6 5. Bb5 Bxc3 6. Bxc3 Qh4 7. g3 Qxe4+ 8. Kf1 Qxh1 9. d5 Nf6 10. Ke2 Qe4+
11. Kf1 Qg2+
0-1

[Event "Three Checks: XXXIV Monthly Variant (Three Checks)"]
[Site "SchemingMind.com"]
[Date "2010.01.14"]
[Round "-"]
[White "TheTrainer"]
[Black "Mekk"]
[Result "0-1"]
[WhiteCountry "USA"]
[BlackCountry "POL"]
[WhiteElo "1193"]
[WhiteRD "87"]
[BlackElo "1353"]
[BlackRD "130"]
[GameID "234963"]

1. e4 e6 2. Nc3 Nc6 3. b3 Nd4 4. Nb5 Nxb5 5. Bxb5 c6 6. Bc4 Bc5 7. d4 Bb4+ 8. Kf1 Nf6 9. a3 Nxe4 10. Nf3 Nd2+
11. Bxd2 Bxd2 12. Qxd2 Qf6 13. Re1 O-O 14. Qb4 Qg6 15. g3 Qd3+
0-1

[Event "Three Checks: XXXIV Monthly Variant (Three Checks)"]
[Site "SchemingMind.com"]
[Date "2010.01.14"]
[Round "-"]
[White "TheTrainer"]
[Black "thefriediceman"]
[Result "0-1"]
[WhiteCountry "USA"]
[BlackCountry "USA"]
[WhiteElo "1104"]
[WhiteRD "106"]
[BlackElo "1924"]
[BlackRD "103"]
[GameID "234964"]

1. Nc3 e6 2. e3 Bb4 3. Bb5 c6 4. Bd3 Na6 5. a3 Nc5 6. Kf1 Bxc3 7. bxc3 Nf6 8. Nf3 Ng4 9. Bb2 Nxe3+ 10. Ke2 Nxg2
11. c4 Nf4+ 12. Ke3 Ng2+
0-1

[Event "Three Checks: XXXIV Monthly Variant (Three Checks)"]
[Site "SchemingMind.com"]
[Date "2010.01.14"]
[Round "-"]
[White "TheTrainer"]
[Black "surkimus"]
[Result "0-1"]
[WhiteCountry "USA"]
[BlackCountry "FIN"]
[WhiteElo "1104"]
[WhiteRD "106"]
[BlackElo "1694"]
[BlackRD "88"]
[GameID "234966"]

1. e3 c6 2. Nh3 e5 3. Bc4 d5 4. Bb3 Qh4 5. g3 Qxh3 6. Nc3 Nf6 7. d4 Qg2 8. Rf1 Bh3 9. Kd2 Ne4+ 10. Kd3 Nc5+
11. Ke2 Bg4+
0-1

[Event "Three Checks: XXXIV Monthly Variant (Three Checks)"]
[Site "SchemingMind.com"]
[Date "2010.01.14"]
[Round "-"]
[White "Ingemar Assarsjö"]
[Black "TheTrainer"]
[Result "1-0"]
[WhiteCountry "SWE"]
[BlackCountry "USA"]
[WhiteElo "1350"]
[WhiteRD "113"]
[BlackElo "1193"]
[BlackRD "87"]
[GameID "234967"]

1. Nc3 c6 2. Ne4 Qb6 3. Nd6+ exd6 4. e3 Nf6 5. Bd3 Be7 6. Nf3 Na6 7. Bxa6 Qxa6 8. a3 Ne4 9. b4 Bf6 10. Nd4 c5
11. Nf5 Kd8 12. Ra2 cxb4 13. a4 Bh4 14. Nxh4 g5 15. Nf3 f6 16. Nd4 Kc7 17. Nb5+ Kd8 18. Qh5 Qb6 19. Qe8+
1-0

[Event "Three Checks: XXXIV Monthly Variant (Three Checks)"]
[Site "SchemingMind.com"]
[Date "2010.01.15"]
[Round "-"]
[White "Mekk"]
[Black "TheTrainer"]
[Result "1-0"]
[WhiteCountry "POL"]
[BlackCountry "USA"]
[WhiteElo "1408"]
[WhiteRD "113"]
[BlackElo "1125"]
[BlackRD "83"]
[GameID "234969"]

1. e3 e6 2. Bb5 c6 3. Ba4 Nf6 4. Nc3 Nd5 5. Nxd5 Bb4 6. Nxb4 Qa5 7. Qg4 Qxa4 8. Qxg7 Rf8 9. c3 Na6 10. b3 Qb5
11. Nxa6 Qxa6 12. Nf3 d5 13. Ng5 Ke7 14. Nxh7 Rd8 15. Qf6+ Kd7 16. Qxf7+
1-0

[Event "Three Checks: XXXIV Monthly Variant (Three Checks)"]
[Site "SchemingMind.com"]
[Date "2010.01.14"]
[Round "-"]
[White "BigB"]
[Black "TheTrainer"]
[Result "1-0"]
[WhiteCountry "SVK"]
[BlackCountry "USA"]
[WhiteElo "1628"]
[WhiteRD "133"]
[BlackElo "1104"]
[BlackRD "106"]
[GameID "234971"]

1. e3 e6 2. Nc3 Qf6 3. Ne4 Qxf2+ 4. Nxf2 f5 5. Qh5+ g6 6. Qf3 Nc6 7. Nd3 Nb4 8. Nxb4 Bxb4 9. c3 Bd6 10. Bc4 Bg3+
11. hxg3 c6 12. g4 Ne7 13. e4 fxe4 14. Qf6 Rg8 15. Rxh7 Nf5 16. d4 Rf8 17. Qxf8+ Kxf8 18. Rh8+
1-0

[Event "Three Checks: XXXIV Monthly Variant (Three Checks)"]
[Site "SchemingMind.com"]
[Date "2010.01.14"]
[Round "-"]
[White "surkimus"]
[Black "TheTrainer"]
[Result "1-0"]
[WhiteCountry "FIN"]
[BlackCountry "USA"]
[WhiteElo "1694"]
[WhiteRD "88"]
[BlackElo "1104"]
[BlackRD "106"]
[GameID "234972"]

1. Nc3 e5 2. e4 Nf6 3. Bc4 Bc5 4. Bxf7+ Kf8 5. Qf3 c6 6. Nh3 Bxf2+ 7. Qxf2 Qe7 8. Bb3 Ke8 9. Bf7+ Qxf7 10. Qc5 Qe6
11. Qe7+
1-0

[Event "Three Checks: XXXIV Monthly Variant (Three Checks)"]
[Site "SchemingMind.com"]
[Date "2010.01.14"]
[Round "-"]
[White "Fisher"]
[Black "Ingemar Assarsjö"]
[Result "0-1"]
[WhiteCountry "SVK"]
[BlackCountry "SWE"]
[WhiteElo "1120"]
[WhiteRD "184"]
[BlackElo "1365"]
[BlackRD "123"]
[GameID "235003"]

1. Nc3 e6 2. Ne4 Nc6 3. Nd6+ Bxd6 4. e3 Nb4 5. Bb5 Nxc2+ 6. Qxc2 c6 7. Ba4 Bb4 8. Kf1 b6 9. Qc4 Ba5 10. Bxc6 Ba6
11. Bxd7+ Qxd7 12. Qxa6 Rd8 13. d4 Nf6 14. b4 Bxb4 15. Qc4 Nd5 16. e4 Ne3+ 17. Bxe3 O-O 18. Qxb4 Qb5+
0-1

[Event "Three Checks: XXXIV Monthly Variant (Three Checks)"]
[Site "SchemingMind.com"]
[Date "2010.01.15"]
[Round "-"]
[White "Fisher"]
[Black "Ursus"]
[Result "0-1"]
[WhiteCountry "SVK"]
[BlackCountry "INT"]
[WhiteElo "1187"]
[WhiteRD "140"]
[BlackElo "1584"]
[BlackRD "127"]
[GameID "235004"]

1. Nc3 e6 2. Ne4 Nc6 3. Nd6+ Bxd6 4. e3 Ne5 5. Qh5 Qf6 6. Nf3 Nxf3+ 7. gxf3 g6 8. Qb5 c6 9. Qd3 Bc7 10. Bh3 Qxf3
11. Qf1 Qxe3+ 12. fxe3 Bg3+
0-1

[Event "Three Checks: XXXIV Monthly Variant (Three Checks)"]
[Site "SchemingMind.com"]
[Date "2010.01.14"]
[Round "-"]
[White "Fisher"]
[Black "Mekk"]
[Result "0-1"]
[WhiteCountry "SVK"]
[BlackCountry "POL"]
[WhiteElo "1187"]
[WhiteRD "140"]
[BlackElo "1353"]
[BlackRD "130"]
[GameID "235005"]

1. Nc3 c6 2. Ne4 d5 3. Nf6+ Nxf6 4. e3 Bg4 5. Be2 Qd7 6. h3 Bxe2 7. Nxe2 Ne4 8. Nd4 e5 9. Nf3 Qf5 10. g4 Qf6
11. d3 Bb4+ 12. c3 Bxc3+ 13. bxc3 Nxf2 14. Qe2 Nxd3+
0-1

[Event "Three Checks: XXXIV Monthly Variant (Three Checks)"]
[Site "SchemingMind.com"]
[Date "2010.01.14"]
[Round "-"]
[White "Fisher"]
[Black "TheTrainer"]
[Result "1-0"]
[WhiteCountry "SVK"]
[BlackCountry "USA"]
[WhiteElo "1187"]
[WhiteRD "140"]
[BlackElo "1193"]
[BlackRD "87"]
[GameID "235007"]

1. Nc3 e5 2. d4 Qe7 3. Nd5 Kd8 4. Nxe7 Bxe7 5. c3 exd4 6. Qxd4 f6 7. Qg4 Bc5 8. Qxg7 Bxf2+ 9. Kxf2 Ne7 10. Qxh8+ Ng8
11. Qxg8+ Ke7 12. Qg7+
1-0

[Event "Three Checks: XXXIV Monthly Variant (Three Checks)"]
[Site "SchemingMind.com"]
[Date "2010.01.14"]
[Round "-"]
[White "Fisher"]
[Black "BigB"]
[Result "0-1"]
[WhiteCountry "SVK"]
[BlackCountry "SVK"]
[WhiteElo "1120"]
[WhiteRD "184"]
[BlackElo "1628"]
[BlackRD "133"]
[GameID "235008"]

1. Nc3 c6 2. Ne4 d5 3. Ng5 Bf5 4. c3 e6 5. d3 Be7 6. N5f3 Nf6 7. Qa4 Qc7 8. g3 Bd6 9. Nd4 O-O 10. Ngf3 Bg6
11. Bh3 Nbd7 12. Nxe6 Qb6 13. Qh4 Rfe8 14. Nfg5 Qxf2+ 15. Kd1 Qxe2+ 16. Kxe2 Rxe6+
0-1

[Event "Three Checks: XXXIV Monthly Variant (Three Checks)"]
[Site "SchemingMind.com"]
[Date "2010.01.14"]
[Round "-"]
[White "Fisher"]
[Black "surkimus"]
[Result "0-1"]
[WhiteCountry "SVK"]
[BlackCountry "FIN"]
[WhiteElo "1187"]
[WhiteRD "140"]
[BlackElo "1683"]
[BlackRD "77"]
[GameID "235009"]

1. Nc3 c6 2. Ne4 d5 3. Nf6+ Nxf6 4. e3 e5 5. Nf3 e4 6. Ng5 h6 7. Nxf7 Kxf7 8. f3 Ng4 9. fxe4 Qh4+ 10. g3 Qf6
11. Bh3 Qf2#
0-1

[Event "Three Checks: XXXIV Monthly Variant (Three Checks)"]
[Site "SchemingMind.com"]
[Date "2010.01.14"]
[Round "-"]
[White "Ingemar Assarsjö"]
[Black "Fisher"]
[Result "1-0"]
[WhiteCountry "SWE"]
[BlackCountry "SVK"]
[WhiteElo "1365"]
[WhiteRD "123"]
[BlackElo "1120"]
[BlackRD "184"]
[GameID "235010"]

1. Nc3 Nc6 2. Nd5 e6 3. Nxc7+ Qxc7 4. e3 Qe5 5. Nf3 Qd5 6. c3 Nb4 7. cxb4 Bxb4 8. Nd4 Ne7 9. Bb5 Qxg2 10. Bxd7+ Bxd7
11. Qf3 Bxd2+ 12. Bxd2 Qxh1+ 13. Qxh1 Rc8 14. Bc3 Nd5 15. Nf5 Nxc3 16. Nd6+
1-0

[Event "Three Checks: XXXIV Monthly Variant (Three Checks)"]
[Site "SchemingMind.com"]
[Date "2010.01.15"]
[Round "-"]
[White "Ursus"]
[Black "Fisher"]
[Result "1-0"]
[WhiteCountry "INT"]
[BlackCountry "SVK"]
[WhiteElo "1569"]
[WhiteRD "104"]
[BlackElo "1215"]
[BlackRD "129"]
[GameID "235011"]

1. e3 Nc6 2. Bb5 e6 3. Nc3 Bb4 4. a3 Bxc3 5. dxc3 Qf6 6. Nf3 a6 7. Bxc6 bxc6 8. Nd2 Nh6 9. Qf3 Nf5 10. Ne4 Qe5
11. Nf6+ gxf6 12. Qh5 Nxe3 13. Qxe5 Nxc2+ 14. Kd2 fxe5 15. Kxc2 Rb8 16. b4 c5 17. Bg5 Rg8 18. h4 Bb7 19. Kb2 h6 20. Be3 Rxg2
21. Rhg1 Rxf2+ 22. Bxf2 Bg2 23. Kc1 d6 24. Rxg2 Kd7 25. Rg7 Ke7 26. Be3 Kf8 27. Bxh6 cxb4 28. Rh7+
1-0